[Event "Porto Mannu Open 2009"]
[Site "Palau"]
[Date "2009.05.21"]
[Round "7.29"]
[White "Bernardi, Ruben"]
[Black "Gennari, Dario"]
[Result "1-0"]
[WhiteElo "2143"]
[BlackElo "1679"]
[PlyCount "97"]
[EventDate "2009.05.16"]

1. e4 e6 2. d4 d5 3. exd5 exd5 4. Nf3 Bg4 5. h3 Bh5 6. c4 Bxf3 7. Qxf3 c6 8.
Nc3 Nf6 9. Be3 Bb4 10. Bd3 O-O 11. O-O dxc4 12. Bxc4 Nbd7 13. a3 Bd6 14. Ba2
Bc7 15. g3 Qc8 16. Kg2 Nb6 17. Bg5 Bd8 18. Rac1 Qd7 19. Rfd1 h6 20. Bf4 Nfd5
21. Nxd5 Nxd5 22. Bxd5 Qxd5 23. Qxd5 cxd5 24. Rc5 Re8 25. Rd2 Bb6 26. Rxd5 Rac8
27. Rd7 Rc4 28. h4 Re4 29. d5 Rcd4 30. Rxd4 Rxd4 31. Be3 Rd3 32. Bxb6 axb6 33.
Rxb7 Rxd5 34. Rxb6 Ra5 35. Rb8+ Kh7 36. g4 g5 37. h5 Kg7 38. Kg3 Ra4 39. Rb4
Ra5 40. f4 f6 41. a4 Kf7 42. fxg5 fxg5 43. b3 Ra6 44. Kf3 Rf6+ 45. Ke3 Ke7 46.
a5 Ra6 47. Rb7+ Kd8 48. b4 Kc8 49. Rb6 1-0

[Event "Porto Mannu Open 2009"]
[Site "Palau"]
[Date "2009.05.21"]
[Round "7.63"]
[White "Squarci, Franco"]
[Black "Del Nevo, Claudio"]
[Result "1-0"]
[WhiteElo "1787"]
[BlackElo "1894"]
[PlyCount "129"]
[EventDate "2009.05.16"]

1. d4 d6 2. Nf3 Nf6 3. Bg5 Ne4 4. Bf4 c6 5. c3 g6 6. Nbd2 Nxd2 7. Qxd2 Bg7 8.
e4 O-O 9. Bh6 Bg4 10. Bxg7 Kxg7 11. Be2 Bxf3 12. Bxf3 Nd7 13. h4 h6 14. O-O-O
c5 15. h5 g5 16. Rhe1 cxd4 17. Qxd4+ Ne5 18. Bg4 f6 19. Be6 Qa5 20. Re3 Qc5 21.
f3 Rab8 22. g3 b6 23. f4 Qxd4 24. Rxd4 Nc6 25. Rc4 Na5 26. Ra4 Rb7 27. b4 Nc6
28. Bd5 Rc7 29. Bxc6 Rxc6 30. Rxa7 Kf7 31. f5 Rfc8 32. Kb2 R8c7 33. Ra8 Rc8 34.
Rxc8 Rxc8 35. Kb3 Ke8 36. c4 Kd7 37. g4 Kc6 38. a4 Re8 39. Rd3 e6 40. b5+ Kc7
41. fxe6 Rxe6 42. Rd4 Re8 43. Kb4 Ra8 44. Rd3 Re8 45. Re3 Ra8 46. Rf3 Rf8 47.
a5 Kd7 48. axb6 Ke6 49. b7 Rb8 50. Ka5 Rxb7 51. b6 Rb8 52. Rf5 Ke7 53. Kb5 Ke6
54. Rd5 Ke7 55. c5 dxc5 56. Rxc5 Kd6 57. Rf5 Ke6 58. Kc6 Rc8+ 59. Kb5 Rb8 60.
Rc5 Kd6 61. Rc7 Re8 62. Rc6+ Ke5 63. b7 Rb8 64. Kb6 Kf4 65. Rxf6+ 1-0

[Event "Porto Mannu Open 2009"]
[Site "Palau"]
[Date "2009.05.21"]
[Round "7.10"]
[White "Stromboli, Carlo"]
[Black "Skembris, Spyridon"]
[Result "1/2-1/2"]
[WhiteElo "2283"]
[BlackElo "2434"]
[PlyCount "41"]
[EventDate "2009.05.16"]

1. e4 c6 2. d4 d5 3. Nc3 dxe4 4. Nxe4 Nd7 5. Ng5 Ngf6 6. Bd3 e6 7. N1f3 Bd6 8.
Qe2 h6 9. Ne4 Nxe4 10. Qxe4 Qc7 11. O-O b6 12. Qg4 Kf8 13. Re1 Bb7 14. c3 g5
15. Qh3 Kg7 16. d5 Nf6 17. Nd4 Nxd5 18. Rxe6 Ne7 19. Qf3 Kg8 20. Bc4 Rh7 21.
Bd3 1/2-1/2

[Event "Porto Mannu Open 2009"]
[Site "Palau"]
[Date "2009.05.21"]
[Round "7.12"]
[White "Sbarra, Marco"]
[Black "Bitalzadeh, Ali"]
[Result "0-1"]
[WhiteElo "2232"]
[BlackElo "2417"]
[PlyCount "60"]
[EventDate "2009.05.16"]

1. d4 Nf6 2. c4 g6 3. Nc3 Bg7 4. e4 d6 5. Nf3 O-O $2 6. Be2 Bg4 7. O-O $2 Nfd7
8. Be3 Nc6 9. Rc1 e5 10. dxe5 dxe5 11. Nd5 Bxf3 12. Bxf3 Nd4 13. Bxd4 exd4 14.
g3 Nc5 15. Bg2 a5 16. Qg4 Nd3 17. Rb1 g5 18. Qd1 Ne5 19. Qb3 c6 20. Nb6 Ra6 21.
c5 Qe7 22. Rbc1 Rd8 23. Nc4 a4 24. Qa3 d3 25. Nd6 g4 26. Nf5 Qe6 27. Rfd1 Bf6
28. Qb4 Qxa2 29. Qxb7 Raa8 30. Qb4 Rab8 0-1

[Event "Porto Mannu Open 2009"]
[Site "Palau"]
[Date "2009.05.21"]
[Round "7.13"]
[White "Dewenter, Ulf"]
[Black "Piscopo, Pierluigi"]
[Result "0-1"]
[WhiteElo "2181"]
[BlackElo "2405"]
[PlyCount "52"]
[EventDate "2009.05.16"]

1. f4 g6 2. Nf3 d5 3. g3 c6 4. Bg2 Qb6 5. d4 Bg7 6. O-O Nf6 7. Nc3 Bf5 8. e3
Ne4 9. Ne2 h5 10. c3 a5 11. Nh4 Bf6 12. Nxf5 gxf5 13. c4 e6 14. cxd5 cxd5 15.
b3 Nc6 16. Ba3 h4 17. Rc1 hxg3 18. hxg3 Be7 19. Bxe7 Kxe7 20. Bxe4 dxe4 21. Kg2
Nb4 22. Qd2 Nd3 23. Rc4 e5 24. Rfc1 Qg6 25. Rh1 Rxh1 26. Kxh1 Qh5+ 0-1

[Event "Porto Mannu Open 2009"]
[Site "Palau"]
[Date "2009.05.21"]
[Round "7.14"]
[White "Vita, Fabrizio"]
[Black "Miedema, Roi"]
[Result "0-1"]
[WhiteElo "2084"]
[BlackElo "2370"]
[PlyCount "74"]
[EventDate "2009.05.16"]

1. Nf3 Nf6 2. c4 e6 3. Nc3 d5 4. d4 Bb4 5. e3 O-O 6. Bd2 c5 7. a3 Bxc3 8. Bxc3
Ne4 9. Qc2 Nxc3 10. Qxc3 cxd4 11. Nxd4 e5 12. Nc2 dxc4 13. Bxc4 Qg5 14. O-O Nd7
15. Rfd1 Nb6 16. Be2 Bh3 17. Ne1 Rac8 18. Qa5 Rc2 19. Bf3 Nc4 20. Qxa7 Nd2 21.
Qxb7 Rxb2 22. Qxb2 Nxf3+ 23. Kf1 Nxh2+ 24. Ke2 Bxg2 25. Nxg2 Qg4+ 26. Ke1 Nf3+
27. Kf1 Qc4+ 28. Qe2 Nh2+ 29. Ke1 Qc3+ 30. Rd2 Qxa1+ 31. Rd1 Qc3+ 32. Rd2 Rd8
33. Kd1 Qa1+ 34. Kc2 Rc8+ 35. Kb3 Rc3+ 36. Kb4 Qxa3+ 37. Kb5 Rc5+ 0-1

[Event "Porto Mannu Open 2009"]
[Site "Palau"]
[Date "2009.05.21"]
[Round "7.18"]
[White "Loeffler, Stefan"]
[Black "Turchetta, Gianluca"]
[Result "1-0"]
[WhiteElo "2412"]
[BlackElo "1957"]
[PlyCount "70"]
[EventDate "2009.05.16"]

1. d4 Nf6 2. c4 g6 3. Nc3 d5 4. Bg5 Ne4 5. Qc1 Nxg5 6. Qxg5 dxc4 7. Qe5 f6 8.
Qb5+ Kf7 9. e3 c6 10. Bxc4+ e6 11. Qb3 b5 12. Bd3 a5 13. f4 a4 14. Qc2 Na6 15.
a3 Nc7 16. Nf3 Bb7 17. O-O Nd5 18. Qf2 Kg7 19. Ne4 h6 20. Qg3 Qe8 21. Rae1 Rc8
22. Nc5 Bxc5 23. dxc5 Ne7 24. Nd4 Kf7 25. Bb1 Rd8 26. Ba2 Bc8 27. Qh4 Nf5 28.
Nxf5 gxf5 29. e4 Qe7 30. Kh1 Qxc5 31. Rc1 Qd4 32. exf5 Qxb2 33. fxe6+ Ke7 34.
Qh5 Rhg8 35. Qf7+ Kd6 1-0

[Event "Porto Mannu Open 2009"]
[Site "Palau"]
[Date "2009.05.21"]
[Round "7.19"]
[White "Friedrich, Norbert"]
[Black "Sala, Sergio"]
[Result "1-0"]
[WhiteElo "2350"]
[BlackElo "1932"]
[PlyCount "48"]
[EventDate "2009.05.16"]

1. e4 d5 2. exd5 Qxd5 3. Nc3 Qa5 4. Nf3 Nf6 5. d4 Bf5 6. Bd2 e6 7. Bc4 c6 8.
Ne4 Qc7 9. Nxf6+ gxf6 10. Bb3 Nd7 11. Qe2 O-O-O 12. Nh4 Bg6 13. O-O-O Bd6 14.
g3 e5 15. dxe5 fxe5 16. Nxg6 fxg6 17. Bg5 Rde8 18. Bf7 Ref8 19. Be6 Kb8 20. Qd2
h6 21. Be3 Rf6 22. Qxd6 Qxd6 23. Rxd6 Nf8 24. Rd8+ Kc7 1-0

[Event "Porto Mannu Open 2009"]
[Site "Palau"]
[Date "2009.05.21"]
[Round "7.22"]
[White "Mercandelli, Claudio"]
[Black "Stromboli, Ettore"]
[Result "1-0"]
[WhiteElo "1893"]
[BlackElo "2301"]
[PlyCount "132"]
[EventDate "2009.05.16"]

1. Nf3 Nf6 2. c4 b6 3. g3 Bb7 4. Bg2 e6 5. O-O Be7 6. b3 O-O 7. Bb2 d5 8. e3
Nbd7 9. d4 Rc8 10. Nc3 c5 11. Ne5 Ba6 12. Nb5 Bxb5 13. cxb5 Nxe5 14. dxe5 Nd7
15. Rc1 f5 16. f4 a6 17. a4 axb5 18. axb5 Qc7 19. g4 g6 20. gxf5 gxf5 21. Qh5
Rf7 22. Qh6 Nf8 23. Bxd5 Rg7+ 24. Kf2 Qd7 25. Rcd1 exd5 26. Qxg7+ Kxg7 27. e6+
d4 28. exd7 Nxd7 29. exd4 cxd4 30. Bxd4+ Kf7 31. Rc1 Nc5 32. Ke3 Re8 33. Be5
Bf6 34. b4 Bxe5 35. fxe5 Rxe5+ 36. Kd4 Re4+ 37. Kd5 Rxb4 38. Rxf5+ Kg6 39. Rf3
h5 40. Rg1+ Kh7 41. Rf7+ Kh6 42. Rf6+ Kh7 43. Rxb6 Na4 44. Rb7+ Kh6 45. Rb8 Kh7
46. Rgg8 Rb2 47. Kc6 Rc2+ 48. Kd5 Rxh2 49. Rg1 Rd2+ 50. Kc4 Rd6 51. Rg2 Rf6 52.
Rb7+ Kh6 53. Kb4 Rf4+ 54. Ka5 Nc5 55. Rb6+ Kh7 56. Rbg6 Ra4+ 57. Kb6 Nd7+ 58.
Kc7 Nf8 59. Rg7+ Kh6 60. Rg8 Ra7+ 61. Kc6 Rf7 62. Rh8+ Nh7 63. b6 Rf6+ 64. Kc7
Rf7+ 65. Kc8 Rf1 66. b7 Rf3 1-0

[Event "Porto Mannu Open 2009"]
[Site "Palau"]
[Date "2009.05.21"]
[Round "7.23"]
[White "Zuccarelli, Angelo"]
[Black "Lapicki, Raul"]
[Result "0-1"]
[WhiteElo "1845"]
[BlackElo "2254"]
[PlyCount "108"]
[EventDate "2009.05.16"]

1. e4 e6 2. d4 d5 3. Nd2 Nc6 4. Ngf3 Nf6 5. e5 Nd7 6. c3 f6 7. exf6 Qxf6 8. Nb3
Bd6 9. Bg5 Qf7 10. Bd3 e5 11. dxe5 Ndxe5 12. Be2 O-O 13. Bh4 Nxf3+ 14. Bxf3
Re8+ 15. Kf1 Be6 16. Bg3 Rad8 17. Nd4 Nxd4 18. cxd4 c6 19. Qd2 Bf5 20. Re1
Rxe1+ 21. Qxe1 Re8 22. Qd2 Qe7 23. Be2 Bb4 24. Qd1 b5 25. f3 Ba5 26. Bf2 a6 27.
a3 Bb6 28. g4 Bg6 29. Bd3 Bf7 30. Qc2 Qf6 31. Qd1 Be6 32. Kg2 Rf8 33. Rf1 Kh8
34. Bb1 Qf4 35. Qd3 g6 36. Qe3 Qf7 37. Re1 Bd7 38. Bg3 Kg8 39. h3 a5 40. f4 Qf6
41. Qe7 Qxe7 42. Rxe7 Bc8 43. b3 Bxd4 44. Rc7 c5 45. Ra7 Bc3 46. Rc7 Bd4 47.
Ra7 c4 48. Rxa5 Bd7 49. bxc4 dxc4 50. Be4 Rc8 51. Ra8 Rxa8 52. Bxa8 Be6 53. Bf2
Bb2 54. Be4 Bxa3 0-1

[Event "Porto Mannu Open 2009"]
[Site "Palau"]
[Date "2009.05.21"]
[Round "7.30"]
[White "De Florio, Federico"]
[Black "Carboni, Giancarlo"]
[Result "1-0"]
[WhiteElo "2132"]
[BlackElo "1640"]
[PlyCount "65"]
[EventDate "2009.05.16"]

1. d4 Nf6 2. Nf3 g6 3. Bg5 Bg7 4. Nbd2 d6 5. e3 Nbd7 6. Be2 O-O 7. O-O b6 8. c3
Bb7 9. Qb3 c5 10. a4 cxd4 11. exd4 Ne4 12. Nxe4 Bxe4 13. Nd2 Bb7 14. a5 h6 15.
Bh4 Kh7 16. Rfe1 f5 17. Bd3 Nf6 18. axb6 axb6 19. Rxa8 Bxa8 20. Qe6 Re8 21.
Bxf6 Bxf6 22. Qf7+ Bg7 23. Re6 Bd5 24. Qxg6+ Kg8 25. Re1 Rf8 26. Bxf5 Rf6 27.
Qh7+ Kf8 28. Bh3 Qe8 29. Qd3 Qf7 30. Qa6 Bh8 31. Qxb6 Rxf2 32. Qd8+ Kg7 33.
Rxe7 1-0